Shape Names - Polygons and Platonic Solids - Statistics

General Stats
  • This quiz has been taken 262 times
    63 since last reset
  • The average score is 13 of 28
Answer Stats
EDGES SHAPE % Correct
3 triangle (or trigon)
96%
6 hexagon
86%
8 octagon
86%
5 pentagon
84%
10 decagon
77%
9 enneagon or nonagon
77%
7 heptagon
77%
4 quadrilateral (or quadrangle or tetragon)
72%
6 CUBE (hexahedron)
70%
12 dodecagon
63%
12 DODECAHEDRON
54%
13 tridecagon (or triskaidecagon)
51%
11 hendecagon (or undecagon)
46%
17 heptadecagon (or heptakaidecagon)
42%
16 hexadecagon (or hexakaidecagon)
42%
4 TETRAHEDRON
42%
15 pentadecagon (or pentakaidecagon)
39%
18 octadecagon (or octakaidecagon)
37%
14 tetradecagon (or tetrakaidecagon)
37%
8 OCTAHEDRON
35%
19 enneadecagon (or enneakaidecagon)
26%
20 ICOSAHEDRON
26%
20 icosagon
23%
1000 chiliagon
11%
1,000,000 megagon
11%
100 hectogon
9%
10,000 myriagon
7%
30 triacontagon
5%
No matching quizzes found
Score Distribution
Percent of People with Each Score
Percentile by Number Answered
Your Score History
You have not taken this quiz since the last reset